| Tag |
First Indicator |
Second Indicator |
Subfields |
| LEADER |
00000cam a2200000 a 4500 |
| 001 |
in00000092473 |
| 005 |
20151008064226.0 |
| 008 |
780310s1974 fr c 000 d rusrc |
| 029 |
1 |
|
|a NLGGC
|b 853166951
|
| 035 |
|
|
|a (OCoLC)ocm03702520
|
| 035 |
|
|
|a (OCoLC)03702520
|
| 035 |
|
|
|9 AAK3773AM
|
| 040 |
|
|
|a BXM
|c BXM
|d FUG
|d OCL
|d TXA
|d UtOrBLW
|
| 042 |
|
|
|a pcc
|
| 049 |
|
|
|a TXAM
|
| 050 |
|
4 |
|a PG3476.B78
|b A6 1974
|
| 092 |
|
|
|a 891.7
|b B933a
|
| 100 |
1 |
|
|6 880-01
|a Bulgakov, Mikhail,
|d 1891-1940.
|
| 240 |
1 |
0 |
|a Plays.
|k Selections
|
| 245 |
1 |
0 |
|6 880-02
|a Adam i Eva. :
|b Bagrovyĭ ostrov. Zoĭkina kvartira : pʹesy /
|c Mikhail Bulgakov.
|
| 246 |
1 |
4 |
|a Tri pʹesy
|
| 250 |
|
|
|a 2-e izd.
|
| 264 |
|
1 |
|a Paris :
|b YMCA-Press,
|c 1974.
|
| 300 |
|
|
|a 252 pages :
|b portrait ;
|c 19 cm.
|
| 336 |
|
|
|a text
|b txt
|2 rdacontent
|
| 337 |
|
|
|a unmediated
|b n
|2 rdamedia
|
| 338 |
|
|
|a volume
|b nc
|2 rdacarrier
|
| 500 |
|
|
|a Cover title: Tri pʹesy.
|
| 500 |
|
|
|a Cover title: Tri pʹesy .
|
| 500 |
|
|
|a Spine title: Pʹesy .
|
| 505 |
0 |
|
|6 880-03
|a Adam i Eva -- Bagrovyĭ ostrov -- Zoĭkina kvartira.
|
| 880 |
1 |
|
|6 100-01
|a Булгаков, Михаил Афанасьевич,
|d 1891-1940.
|
| 880 |
1 |
0 |
|6 245-02
|a Адам и Ева.
|b Багровый остров. Зойкина квартира : пьесы /
|c Михаил Булгаков.
|
| 880 |
0 |
|
|6 505-03
|a Адам и Ева -- Багровый остров -- Зойкина квартира.
|
| 994 |
|
|
|a C0
|b TXA
|
| 999 |
|
|
|a MARS
|
| 999 |
f |
f |
|s ee23e28b-f519-32ee-8cca-d92dcf4bcd3a
|i 27bae409-c3a5-37c3-9ab5-6a70a1e36bde
|t 0
|
| 952 |
f |
f |
|p normal
|a Texas A&M University
|b College Station
|c Sterling C. Evans Library
|d Evans: Library Stacks
|t 0
|e PG3476.B78 A6 1974
|h Library of Congress classification
|i unmediated -- volume
|m A14806175698
|
| 998 |
f |
f |
|a PG3476.B78 A6 1974
|t 0
|l Evans: Library Stacks
|